[Event "Mittelfrankenliga-B2a 0607"]
[Site "Mittelfranken"]
[Date "2007.03.11"]
[Round "7.4"]
[White "Fainberg, Jakob"]
[Black "Breitenbach, Albert"]
[Result "1-0"]
[WhiteElo "1869"]
[BlackElo "1814"]
[PlyCount "129"]
[EventDate "2006.10.22"]
[EventType "team-tourn"]
[EventRounds "9"]
[EventCountry "GER"]
[SourceTitle "EXT 2011"]
[Source "ChessBase"]
[SourceDate "2010.11.26"]
[SourceVersion "1"]
[SourceVersionDate "2010.11.26"]
[SourceQuality "1"]
[WhiteTeam "Erlangen Siemens"]
[BlackTeam "Lauf"]
[WhiteTeamCountry "GER"]
[BlackTeamCountry "GER"]

1. d4 Nf6 2. c4 g6 3. Nc3 d5 4. Nf3 Bg7 5. Bf4 c6 6. e3 0-0 7. Be2 dxc4 8. Bxc4 b5 9. Be2 Bb7 10. 0-0 a6 11. Rc1 Nbd7 12. h3 Rc8 13. Ne5 Qb6 14. Bf3 Nxe5 15. Bxe5 Rfd8 16. Qe2 Nd5 17. Bxg7 Kxg7 18. Ne4 Nf6 19. Nc5 Ba8 20. b3 a5 21. Rc2 Qc7 22. Rfc1 Nd5 23. Bg4 b4 24. Bxc8 Rxc8 25. Qg4 Rd8 26. g3 Rd6 27. Qe4 Qc8 28. Kg2 Kg8 29. Re1 Qe8 30. f3 Nf6 31. Qd3 Qd8 32. Qa6 Kg7 33. g4 Nd5 34. Qa7 Rf6 35. f4 Nc3 36. Qd7 Qf8 37. Kg3 Rd6 38. Qa7 Qd8 39. h4 Nb5 40. Qa6 Nc3 41. Rf2 h6 42. h5 gxh5 43. gxh5 Rd5 44. Rh2 Qb8 45. Kf3 Qd8 46. Qd3 Rxc5 47. Rg2+ Kh8 48. Reg1 Rxh5 49. Rg8+ Qxg8 50. Rxg8+ Kxg8 51. Qa6 Nxa2 52. Qxa8+ Kg7 53. Qxc6 Nc3 54. Qd7 e6 55. e4 Rh3+ 56. Kg4 Rh1 57. e5 h5+ 58. Kg3 Ne4+ 59. Kg2 Rd1 60. f5 Rd2+ 61. Kf3 exf5 62. e6 Ng5+ 63. Ke3 Rb2 64. e7 Rxb3+ 65. Ke2 1-0